000 00797nam a2200253 i 4500
001 bg
100 1 _aMANEK, Anna Maria
245 1 0 _aOsobiste i społeczne aspekty pracy /
_cAnna Maria Manek ; Politechnika Lubelska.
260 _aLublin :
_bWydawnictwa Uczelniane PL,
_c1997.
300 _a128 s. :
_b2 faks., rys. ;
_c24 cm.
500 _aU góry okł. nazwa przedm. : "Zarządzanie i Marketing".
504 _aBibliogr. przy rozdz.
650 9 _aPraca
_xpsychologia
650 9 _aPraca
_xsocjologia
655 _aPodręczniki akademickie
710 0 _aPOLITECHNIKA LUBELSKA (Lublin)
020 _a8387270814
040 _cBPK
041 0 _apl
080 _a331.101:159.9:316.334.22](075.8)
920 _a83-87270-81-4
942 _cKS
008 s pl f |000 0 pol
999 _c32912
_d32912
856 _uhttp://koha.tu.koszalin.pl/cgi-bin/koha/opac-detail.pl?biblionumber=32912
_yKatalog online BPK